000 00449nam a2200157Ia 4500
008 170221s9999 xx 000 0 und d
100 _aEce Karadogan Doruk
245 _aDiscourse of Mobbing in Turkish Press
245 _cEce Karadogan Doruk
260 _bOnline Journal of Communication and Media Technologies
260 _c2013
300 _a33 : 16
650 _xCommunication
650 _xMedia Arts
856 _uhttp://www.ojcmt.net/
999 _c311144
_d311144